Vyhliadková veža na kopci Marhát

Na minha lista:
Detalhes bibliográficos
Autor principal: Martinkovičová, Silvia (Author)
Outros Autores: Sandanus, Jaroslav (Thesis advisor)
Formato: Manuscrito Livro
Idioma:eslovaco
Publicado em: 2021
Assuntos:
Acesso em linha:http://is.stuba.sk/zp/portal_zp.pl?podrobnosti=158531
https://opac.crzp.sk/?fn=detailBiblioForm&sid=0C216CD716E182230D2D0CAAC853
Tags: Adicionar Tag
Sem tags, seja o primeiro a adicionar uma tag!

MARC

LEADER 00000ntm a22000003a 4500
001 stuzp84109
003 SK-STU
005 20230515095911.1
007 ta
008 150427s2015----xo-----f-mn---000-0-slo-d
040 |a STU  |b slo 
041 0 |a slo 
100 1 |a Martinkovičová, Silvia  |u 010190  |4 aut  |U SvF Stavebná fakulta  |T SvF Katedra kovových a drevených konštrukcií  |X 81316  |U V190  |Y 21  |7 81316 
242 0 1 |a Sightseeing tower Marhát  |y eng 
245 1 0 |a Vyhliadková veža na kopci Marhát 
260 |c 2021 
650 4 |a vyhliadková veža  |2 slo 
650 4 |a drevená nosná konštrukcia  |2 slo 
650 4 |a lepené lamelové drevo  |2 slo 
650 4 |a timber load-bearing structure  |2 eng 
650 4 |a glued laminated timber  |2 eng 
650 4 |a observation tower  |2 eng 
700 1 |a Sandanus, Jaroslav  |u 010190  |k Z1  |4 ths  |U SvF Stavebná fakulta  |T SvF Katedra kovových a drevených konštrukcií  |X 2750  |U V190  |Y 21  |7 A000002750 
856 4 |u http://is.stuba.sk/zp/portal_zp.pl?podrobnosti=158531 
856 4 |u https://opac.crzp.sk/?fn=detailBiblioForm&sid=0C216CD716E182230D2D0CAAC853